Diffusion Technologies and Social Behavior /

Salvato in:
Dettagli Bibliografici
Autori principali: Nakičenovič, Nebojša (Autore), Grübler, Arnulf (Autore)
Natura: Libro
Lingua:inglese
Pubblicazione: Berlin : Springer Verlag, 1991
Soggetti:
Tags: Aggiungi Tag
Nessun Tag, puoi essere il primo ad aggiungerne!!

MARC

LEADER 00000nam a22000003a 4500
001 stu42453
005 20150617225721.0
008 940405s1991----gw------------------eng-d
020 |a 3-540-53846-1 
040 |a STU  |b slo 
041 0 |a eng 
044 |a gw 
080 |a 620 
080 |a 658.5(082)  |7 stu_us_auth*stu2418 
100 1 |a Nakičenovič, Nebojša  |4 aut 
245 1 |a Diffusion Technologies and Social Behavior /  |c [aut.]Nebojša Nakičenovič, Arnulf Grübler 
260 |a Berlin :  |b Springer Verlag,  |c 1991 
300 |a 604 s 
650 7 |a výroba  |2 stusub 
650 7 |a zborníky  |2 stusub 
650 7 |a technológie  |2 stusub 
700 1 |a Grübler, Arnulf  |4 aut 
996 |b 284M030861  |c M*8529-1  |l MMKN  |s A  |a 24  |w stu42453_0001